Central Library OPAC University of Rajshahi

Solid state physics / (Record no. 14549)

MARC details
000 -LEADER
fixed length control field 00844nam a2200289 a 4500
001 - CONTROL NUMBER
control field 14549
003 - CONTROL NUMBER IDENTIFIER
rucl marc code BD-RjUL
005 - DATE AND TIME OF LATEST TRANSACTION
control field 20211208235641.0
008 - FIXED-LENGTH DATA ELEMENTS--GENERAL INFORMATION
fixed length control field 140206s2005 ii a b 001 0 eng d
020 ## - INTERNATIONAL STANDARD BOOK NUMBER
International Standard Book Number 8122416829
035 ## - SYSTEM CONTROL NUMBER
System control number (BD-RjUL)14602
System control number (UkLCURL)014843202
038 ## - RECORD CONTENT LICENSOR
Record content licensor UkLCURL
040 ## - CATALOGING SOURCE
Original cataloging agency UkCU
Language of cataloging eng
Transcribing agency UkCU
Modifying agency BD-RjUL
041 ## - LANGUAGE CODE
Language code of text/sound track or separate title eng
082 04 - DEWEY DECIMAL CLASSIFICATION NUMBER
Edition number 21
Classification number 531
Author mark and year PIS 2005
100 1# - MAIN ENTRY--PERSONAL NAME
Personal name Pillai, S. O.
9 (RLIN) 45373
245 10 - TITLE STATEMENT
Title Solid state physics /
Statement of responsibility, etc. S.O. Pillai.
250 ## - EDITION STATEMENT
Edition statement 6th ed.
260 ## - PUBLICATION, DISTRIBUTION, ETC. (IMPRINT)
Place of publication, distribution, etc. New Delhi :
Name of publisher, distributor, etc. New Age International,
Date of publication, distribution, etc. c2005.
300 ## - PHYSICAL DESCRIPTION
Pagination xxii, 819 p. :
Illustrations ill. ;
Size 23 cm.
500 ## - GENERAL NOTE
General note Previous ed.: New Delhi : New Age International, 2002.
504 ## - BIBLIOGRAPHY, ETC. NOTE
Bibliography, etc Includes bibliographical references and index.
650 #0 - SUBJECT ADDED ENTRY--TOPICAL TERM
Topical term or geographic name as entry element Solid state physics
9 (RLIN) 45374
942 ## - ADDED ENTRY ELEMENTS (KOHA)
Source of classification or shelving scheme Dewey Decimal Classification
Koha item type Books
Holdings
Lost status Source of classification or shelving scheme Damaged status Not for loan Collection code Permanent Location Current Location Shelving location Date acquired Source of acquisition Cost, normal purchase price Total Checkouts Full call number Date last seen Copy number Koha item type Date checked out
  Dewey Decimal Classification   Not For Loan Non-fiction Central Library, University of Rajshahi Central Library, University of Rajshahi Reading Room 20/12/2005 Dhaka, Paragon Enterprises. 295.00   531 PIS 2005 06/02/2014 C-1 Books  
  Dewey Decimal Classification     Non-fiction Central Library, University of Rajshahi Central Library, University of Rajshahi   20/12/2005 Dhaka, Paragon Enterprise Ltd. 295.00 1 531 PIS 2005 14/08/2016 C-2 Books 04/08/2016